书目信息 |
| 题名: |
探索和追求
|
|
| 作者: | ;中央人民广播电台理论部 编 | |
| 分册: | ||
| 出版信息: | 北京 广播出版社 1983 |
|
| 页数: | 218页 | |
| 开本: | 19cm | |
| 丛书名: | ||
| 单 册: | ||
| 中图分类: | D432.6 | |
| 科图分类: | ||
| 主题词: | 青年工作--中国 | |
| 电子资源: | ||
| ISBN: | ||
| 000 | 00750nam0 2200241 45 | |
| 001 | 0183002815 | |
| 005 | 20060817153949.90 | |
| 010 | @dCNY0.52 | |
| 091 | @a7236.024 | |
| 100 | @a19950621d1983 em y0chiy0121 ea | |
| 101 | 0 | @achi |
| 102 | @aCN@b110000 | |
| 105 | @ay z 000yy | |
| 200 | 10 | @a探索和追求@Atan suo he zhui qiu@e《学习》节目广播稿选@f中央人民广播电台理论部编@FZhong Yang Ren Min Guang Bo Dian Tai Li Lun Bu Bian |
| 210 | @a北京@c广播出版社@d1983 | |
| 215 | @a218页@d19cm | |
| 517 | @a《学习》节目广播稿选@A《Xue Xi》Jie Mu Guang Bo Gao Xuan | |
| 606 | @a青年工作@y中国 | |
| 690 | @aD432.6@v4 | |
| 711 | 02 | @a中央人民广播电台理论部@4编 |
| 801 | 2 | @aCN@bNLC@c20060817 |
| 801 | 0 | @aCN@b上海图书馆@c20060731 |
| 905 | @dD432.6@e109 | |
| 探索和追求:《学习》节目广播稿选/中央人民广播电台理论部编.-北京:广播出版社,1983 |
| 218页;19cm |
| ISBN :CNY0.52 |
| ● |
| 相关链接 |
|
|
|
|
正题名:探索和追求
索取号:D432.6/109
 
预约/预借
| 序号 | 登录号 | 条形码 | 馆藏地/架位号 | 状态 | 备注 |
| 1 | 0177096 | 202224547 | 密集书库/ [索取号:D432.6/109] | 在馆 | |
| 2 | 0177097 | 000480553 | 密集书库/ [索取号:D432.6/109] | 在馆 | |
| 3 | 0177098 | 000480544 | 第一样本阅览室/ [索取号:D432.6/109] | 在馆 | |
| 4 | 0440767 | 204407677 | 密集书库/ [索取号:D432.6/109] | 在馆 | |
| 5 | 0465411 | 204654114 | 密集书库/ [索取号:D432.6/109] | 在馆 |